Scientific papers of the University of Pardubice
Saved in:
| Format: | Serial |
|---|---|
| Language: | Czech |
| Published: |
Pardubice
Univerzita Pardubice
2007
|
| Subjects: | |
| Tags: |
No Tags, Be the first to tag this record!
|
MARC
| LEADER | 00000nas2a2200000 4500 | ||
|---|---|---|---|
| 001 | 0129853 | ||
| 005 | 20180821063807.6 | ||
| 022 | |a 1211-555X | ||
| 041 | 0 | |a cze | |
| 044 | |a CZ | ||
| 245 | 1 | 0 | |a Scientific papers of the University of Pardubice |
| 264 | 1 | |a Pardubice |b Univerzita Pardubice |c 2007 | |
| 773 | 0 | |w eu_un_cat*0208010 | |
| 610 | 2 | 0 | |a teórie ekonomické |
| 610 | 2 | 0 | |a situácia hospodárska |
| 610 | 2 | 0 | |a hospodárstvo svetové |
| 610 | 2 | 0 | |a mikroekonomika |
| 610 | 2 | 0 | |a veda ekonomická |
| 610 | 2 | 0 | |a Univerzita Pardubice |